000 01304nam a22002897a 4500
005 20250625124903.0
008 250625b mx ||||| |||| 00| 0 spa d
020 _a9684962134 (obra completa)
020 _a9684962134 (tomo I)
020 _a9684962150 (tomo II)
020 _a9684962169 (tomo III)
020 _a9684962274 (tomo IV)
050 0 4 _aZ1209.2.M4
_bP74 1992
245 1 3 _aLa presencia del indigena en la prensa capitalina del siglo XIX
_c / Antonio Escobar Ohmstede, Teresa Rojas Rabiela, coords. ; colaboración especial de Patricia Lagos Preisser.
250 _a1a ed.
260 _aMéxico :
_bCentro de Investigaciones y Estudios Superiores en Antropología Social :
_bInstituto Nacional Indigenista,
_c1992
300 _a4volumenes ;
_c23 cm.
490 0 _aBiblioteca Gonzalo Aguirre Beltrán ;
_aSerie índices y catálogos
505 0 _aContenido :
_tt.1., t.2, t.3, t.4 Catálogo de noticias
650 7 _2lemb
_aIndios de México
_xHistoria
_vFuentes
_xCatálogos
650 7 _2Lemb
_aIndios de Mexico
_vBibliografía
650 7 _2Lemb
_aPrensa
_zMéxico (Ciudad)
_xHistoria
_ySiglo XIX
700 1 _aEscobar Ohmstedem, Antonio,
_ecoordinador
700 1 _aRojas Rabiela, Teresa,
_ecoordinador
700 1 _aLagos Preisser, Patricia
_ecolaboradora
942 _2lcc
_cLIB
999 _c86164
_d86164